000 00677cam a22002413a 4500
001 19981
003 PGUSA
005 20140828083425.0
008 061130s2006||||xxu|||||s|||||000 1 eng d
040 _aPGUSA
_beng
042 _adc
050 4 _aPS
100 1 _aDuncan, Norman,
_d1871-1916
245 1 0 _aDoctor Luke of the Labrador
_h[electronic resource] /
_cNorman Duncan
260 _bProject Gutenberg,
_c2006
506 _aPublic domain in the USA.
516 _aElectronic text
653 _aPhysicians -- Fiction
653 _aLabrador (N.L.) -- Fiction
830 0 _aProject Gutenberg
_v19981
856 4 0 _uhttp://www.gutenberg.org/ebooks/19981
942 _cEB
999 _c249236
_d249236